Friends - Saison 5. - Statistiques

Statistiques générales
  • Ce quiz a été pris 2 424 fois
  • Le résultat moyen est 16 sur 20
Statistiques - réponses
Questions Réponses % Correct
Quel membre du groupe se met à embrasser les autres à chaque fois qu'il part, soit disant coutume Française ? Chandler
99%
Quel membre du groupe découvre en premier la relation entre Chandler et Monica ? Joey
98%
Lors de son mariage, Ross prononce par erreur le prénom de Rachel. Mais avec qui se marie-t-il ? Emily
97%
Ross va être mis en congé sabbatique après avoir piqué une colère à son travail. Que lui a-t-on volé ? Un sandwich
93%
Ross acheté un nouveau meuble mais refuse de payer la livraison et va donc le porter avec Rachel. Quel est ce meuble ? Canapé
91%
Phoebe va ensuite accoucher des triplés de son frère. Quel est le prénom de son frère ? Franck jr
87%
Avec qui Danny a-t-il une drôle de relation, qui va pousser Rachel à rompre ? Sa soeur
86%
Chandler oublie l'un de ses vêtement dans le canapé de Monica, qui va être trouvé par Phoebe. Quel est ce vêtement ? Caleçon
83%
Joey prend comme nouvelle résolution pour la nouvelle année d'apprendre à jouer d'un instrument. Lequel ? Guitare
83%
Rachel propose à Joey un accessoire "plutôt féminin" pour une de ces auditions. Quel est cet accessoire ? Besace
80%
A la fin de la saison, tout le groupe part rejoindre Joey qui devrait être en tournage. Ou vont-ils ? Las Vegas
80%
Ross va sortir une nuit avec une vieille connaissance du groupe. Mais qui ? Janice
79%
Que va se mettre à faire Rachel pour se rapprocher de sa patronne ? Fumer
78%
Rachel va acheter un chat, qu'elle va finalement revendre à quelqu'un. Mais à qui ? Gunther
78%
Rachel et Monica croise dans la cave Danny, le nouveau locataire. Pour quel monstre l'ont-elles pris ? Yéti
76%
Ross propose à Rachel de partir avec lui en voyage de noce mais elle part finalement seule. Dans quel pays part-elle ? Grèce
73%
De quoi hérite Phoebe, qui l'horrifie dans un premier temps puis la ravie ? Fourrure
57%
Monica et Chandler partent en week-end en amoureux. Quelle célébrité rencontrent-ils dans un ascenseur ? Donald Trump
52%
De qui Ross essaye-t-il de louer l'appartement ? Gros tout nu
47%
Que va trouver Phoebe au café, qui appartiendra finalement à Garry ? Plaque de policier
43%
Aucun quiz correspondant
Distribution des résultats
% des personnes avec chaque résultat
Percentile par nombre de réponses
Votre historique - résultats
Vous n’avez pas pris ce quiz